Hamilton the Musical Trivia Chain - Statistics

General Stats
  • This quiz has been taken 637 times
  • The average score is 13 of 15
Answer Stats
Clue Answer % Correct
The orphan antagonist Aaron Burr
99%
The orphan protagonist Alexander Hamilton
99%
She's helpless Eliza
99%
City where you can be a new man New York
99%
The above wants to be in the ___ where it happens room
99%
The oldest and the wittiest Angelica
98%
He'll kill your friends and family...to remind you of his love King George
95%
The married woman Hamilton couldn't say no to Maria Reynolds
88%
The battle in 1781 which turned the world upside down Yorktown
86%
The heartwarming song about fatherhood that Burr and Hamilton share Dear Theodosia
83%
The year Burr lost to Jefferson in the presidential election Eighteen hundred
77%
The final song of Act 1 Non-Stop
75%
The original broadway actress of Eliza Phillipa Soo
74%
The song including Washington's Farewell Address One Last Time
73%
The loyalist enemy of Hamilton who prays the king shows you his mercy Samuel Seabury
67%
No matching quizzes found
Score Distribution
Percent of People with Each Score
Percentile by Number Answered
Your Score History
You have not taken this quiz